Sinatra (Record no. 9767)

MARC details
000 -LEADER
fixed length control field 00550nam a2200217 i 4500
001 - CONTROL NUMBER
control field C2-0073005
003 - CONTROL NUMBER IDENTIFIER
control field PPAK
005 - DATE AND TIME OF LATEST TRANSACTION
control field 20190630222221.0
008 - FIXED-LENGTH DATA ELEMENTS--GENERAL INFORMATION
fixed length control field 970429s1984 enka|||| ||||| | eng d
040 ## - CATALOGING SOURCE
Original cataloging agency PPAK
Language of cataloging eng
Transcribing agency PPAK
Description conventions rda
082 04 - DEWEY DECIMAL CLASSIFICATION NUMBER
Classification number 780
Edition number 23
090 00 - LOCALLY ASSIGNED LC-TYPE CALL NUMBER (OCLC); LOCAL CALL NUMBER (RLIN)
Classification number (OCLC) (R) ; Classification number, CALL (RLIN) (NR) 780
Feature heading FRA
Feature heading R
100 1# - MAIN ENTRY--PERSONAL NAME
Personal name Frank, Alan,
Relator term author
245 10 - TITLE STATEMENT
Title Sinatra
264 #1 - PRODUCTION, PUBLICATION, DISTRIBUTION, MANUFACTURE, AND COPYRIGHT NOTICE
Place of production, publication, distribution, manufacture London :
Name of producer, publisher, distributor, manufacturer Hamlyn ,
Date of production, publication, distribution, manufacture, or copyright notice 1984
300 ## - PHYSICAL DESCRIPTION
Extent 176 pages :
Other physical details illustrations ;
Dimensions 30 cm
336 ## - CONTENT TYPE
Source rdacontent
Content type term text
337 ## - MEDIA TYPE
Source rdamedia
Media type term unmediated
338 ## - CARRIER TYPE
Source rdacarrier
Carrier type term volume
942 ## - ADDED ENTRY ELEMENTS (KOHA)
-- dc
Koha item type Book
Holdings
Withdrawn Not for loan Current library Shelving location Date acquired Full call number Barcode Date last seen Koha item type Total Checkouts
  Not For Loan Perpustakaan Alor Setar Rujukan Dewasa 15/07/1998 R 780 FRA A00109561 08/05/2018 Book  
  Not For Loan Perpustakaan Baling Rujukan Dewasa 15/07/1998 R 780 FRA A00109559 08/05/2018 Book  
  Not For Loan Perpustakaan Kulim Rujukan Dewasa 28/03/2004 R 780 FRA A00343551 08/05/2018 Book  
  Not For Loan Perpustakaan Kulim Rujukan Dewasa 28/03/2004 R 780 FRA A00464709 19/04/2021 Book  
  Not For Loan Perpustakaan Langkawi Rujukan Dewasa 07/11/2005 R 780 FRA A00356280 08/05/2018 Book